Sistema de Control de Asistencia con Alertas a los Padres en el Nivel Secundario. Distrito Educativo 16-01. / (Registro nro. 24188)

Detalles MARC
000 -LEADER
fixed length control field 03389nam a22002897a 4500
003 - CONTROL NUMBER IDENTIFIER
control field DO-CoUTE
005 - DATE AND TIME OF LATEST TRANSACTION
control field 20260514132953.0
008 - FIXED-LENGTH DATA ELEMENTS--GENERAL INFORMATION
fixed length control field 260514b dr ||||| |||| 00| 0 spa d
040 ## - CATALOGING SOURCE
Original cataloging agency DO-CoUTE
Language of cataloging spa
Transcribing agency DO-CoUTE
041 ## - LANGUAGE CODE
Language code of text/sound track or separate title spa
092 ## - LOCALLY ASSIGNED DEWEY CALL NUMBER (OCLC)
Classification number INF 2026 D35
100 1# - MAIN ENTRY--PERSONAL NAME
Personal name De La Cruz Matías, Rufimar Altagracia
Relator term Sustentante
245 10 - TITLE STATEMENT
Title Sistema de Control de Asistencia con Alertas a los Padres en el Nivel Secundario. Distrito Educativo 16-01. /
Statement of responsibility, etc. Rufimar Altagracia De La Cruz, Matías Dariel Rafael Núñez Santos, Francisco Alberto Leocadio Peña, Jesús Osvaldo López, Alexis Reynoso García ; Asesor, Jenniffer Karina Disla
260 ## - PUBLICATION, DISTRIBUTION, ETC.
Place of publication, distribution, etc. Cotuí, República Dominicana ;
Name of publisher, distributor, etc. UTECO,
Date of publication, distribution, etc. 2026
300 ## - PHYSICAL DESCRIPTION
Extent 81 Hojas :
Other physical details Imagenes ;
Dimensions 23cm,
Accompanying material + 1 CD-ROM
502 ## - DISSERTATION NOTE
Dissertation note Trabajo de Grado (Licenciatura en Informática ) Universidad Tecnológica del Cibao Oriental, 2026.<br/>
504 ## - BIBLIOGRAPHY, ETC. NOTE
Bibliography, etc. note Incluye referencia bibliográfica e índice.<br/>
520 ## - SUMMARY, ETC.
Summary, etc. El presente proyecto titulado “Sistema de Control de Asistencia con Alertas a los<br/>Padres en el Nivel Secundario. Distrito Educativo 16-01”, analiza las limitaciones del<br/>método manual de registro de asistencia utilizado en los centros educativos del nivel<br/>secundario del Distrito 16-01 y propone una solución tecnológica que optimiza este<br/>proceso y fortalece la comunicación con las familias. El problema identificado se relaciona<br/>con el uso de libros físicos y registros impresos que dificultan la organización de la<br/>información, retrasan la notificación a los padres y limitan la intervención oportuna ante<br/>casos de ausentismo escolar, lo que puede afectar el rendimiento académico y aumentar el<br/>riesgo de deserción.<br/>La investigación se desarrolló bajo un enfoque cualitativo y un diseño descriptivo,<br/>orientado a caracterizar el proceso actual de toma de asistencia y comprender la percepción<br/>de los actores involucrados. Los informantes clave incluyeron directores, subdirectores,<br/>coordinadores pedagógicos, orientadores y docentes. Para la recolección de datos se aplicaron entrevistas, observaciones y revisión bibliográfica, utilizando instrumentos<br/>validados por la asesora del proyecto y el Departamento de Investigación de la UTECO.<br/>Entre los principales hallazgos, se determinó que la gestión manual sobrecarga al<br/>personal docente e imposibilita una respuesta rápida frente al ausentismo. En respuesta, se<br/>desarrolló EduAsist, un sistema web en la nube que digitaliza el registro de asistencia en<br/>tiempo real, automatiza el envío de alertas a padres por WhatsApp, SMS y correo<br/>electrónico, y genera reportes estadísticos para la toma de decisiones pedagógicas.<br/>Asimismo, se diseñó una interfaz moderna, responsiva e intuitiva. Finalmente, se<br/>incorporaron medidas de seguridad informática para garantizar la protección de los datos<br/>personales y superar las limitaciones inherentes al uso de registros físicos.
650 #4 - SUBJECT ADDED ENTRY--TOPICAL TERM
Topical term or geographic name entry element Control de Asistencia
700 1# - ADDED ENTRY--PERSONAL NAME
Personal name Rufimar Altagracia De La Cruz Matías
Relator term Sustentante
700 1# - ADDED ENTRY--PERSONAL NAME
Personal name Dariel Rafael Núñez Santos
Relator term Sustentante
700 1# - ADDED ENTRY--PERSONAL NAME
Personal name Francisco Alberto Leocadio Peña
Relator term Sustentante
700 1# - ADDED ENTRY--PERSONAL NAME
Personal name Jenniffer Karina Disla
Relator term Asesor
830 ## - SERIES ADDED ENTRY--UNIFORM TITLE
Uniform title Tesis y disertaciones académicas (Universidad Tecnológica del Cibao Oriental)
856 ## - ELECTRONIC LOCATION AND ACCESS
Link text Haga Click Aquí para Descargar en Texto Completo
942 ## - ADDED ENTRY ELEMENTS (KOHA)
Source of classification or shelving scheme Dewey Decimal Classification
Koha item type Tesis
Existencias
Withdrawn status Lost status Source of classification or shelving scheme Damaged status Not for loan Collection code Home library Current library Shelving location Date acquired Inventory number Total Checkouts Full call number Barcode Date last seen Copy number Price effective from Koha item type
    Dewey Decimal Classification     e-Tesis (en CD) Biblioteca UTECO Biblioteca UTECO En Estantería 05/14/2026 24188   INF 2026 D35 24188 05/14/2026 Ej.1 05/14/2026 Tesis
© 2021 Derechos Reservados UTECO - Teléfono: +1 809-585-2291 - Correo electrónico: biblioteca@uteco.edu.do​  
Código postal 43000 ​​
Dirección: Avenida Universitaria No. 100, 
Cotuí, Provincia Sánchez Ramírez, República Dominicana - RNC: 404-00059-6